Szállítás-szállítmányozás gyakorlata a WSZL konténeres üzletágának vonatkozásában
| Main Author: | |
|---|---|
| Other Authors: | |
| Format: | Project work |
| Kulcsszavak: | áruszállítás intermodeális szállítások logisztika nemzetközi logisztika üzletkötés |
| Online Access: | http://dolgozattar.uni-bge.hu/59936 |
MARC
| LEADER | 00000nnm a2200000 i 4500 | ||
|---|---|---|---|
| 001 | dolg59936 | ||
| 005 | 20260409145752.0 | ||
| 008 | 260409suuuu hu o 000 hun d | ||
| 040 | |a BGE Dolgozattár Repozitórium |b hun | ||
| 041 | |a hu | ||
| 100 | 1 | |a Kovács Márk | |
| 245 | 1 | 0 | |a Szállítás-szállítmányozás gyakorlata a WSZL konténeres üzletágának vonatkozásában |c Kovács Márk |h [elektronikus dokumentum] |
| 516 | |a Project_work | ||
| 520 | 3 | |a A szakdolgozatom célja a szállítás és szállítmányozás gyakorlatának bemutatása, különös tekintettel az üzletkötők és fuvarszervezők közötti munkakapcsolatra a Waberer’s konténeres üzletágában. A dolgozat középpontjában az a hipotézis áll, hogy e két szereplő együttműködése, amely gyakran saját érdekek mentén, de mégis közösen zajlik, jelentős hatással van a szállítmányozási folyamatok hatékonyságára, a megrendelői elégedettségre és végső soron a vállalat sikerességére is. A kutatás során mélyinterjúk segítségével vizsgálom a kapcsolatok dinamikáját, a kommunikáció és koordináció szerepét, valamint azt, hogy a felek közötti érdekkülönbségek hogyan befolyásolják az együttműködés minőségét. Célom feltárni, hogyan javítható az együttműködés annak érdekében, hogy nőjön a folyamatok hatékonysága, javuljon a szolgáltatások minősége, és a közös célok mentén harmonizálódjanak az érdekek. | |
| 695 | |a áruszállítás | ||
| 695 | |a intermodeális szállítások | ||
| 695 | |a logisztika | ||
| 695 | |a nemzetközi logisztika | ||
| 695 | |a üzletkötés | ||
| 700 | 1 | |a Domboróczky Dr. Zoltán |e ths | |
| 856 | 4 | 0 | |u http://dolgozattar.uni-bge.hu/59936/1/Sz%C3%A1ll%C3%ADt%C3%A1s-sz%C3%A1ll%C3%ADtm%C3%A1nyoz%C3%A1s%20gyakorlata%20a%20WSZL%20kont%C3%A9neres%20%C3%BCzlet%C3%A1g%C3%A1nak%20vonatkoz%C3%A1s%C3%A1ban.pdf |z Dokumentum-elérés |
| 856 | 4 | 0 | |u http://dolgozattar.uni-bge.hu/59936/2/Nyilatkozat.pdf |z Dokumentum-elérés |
| 856 | 4 | 0 | |u http://dolgozattar.uni-bge.hu/59936/3/Kov%C3%A1cs_M%C3%A1rk_KM%20FOSZK%20b%C3%ADr%C3%A1lati%20lap.pdf |z Dokumentum-elérés |